Ortsplan von Faulen

Titel: Ortsplan von Faulen
In: Osteroder Zeitung, Heft 57 (1982), Seite 571-573
alle Artikel anzeigen
Veröffentlicht: 1982
Format: Aufsatz
Sprache: Deutsch
Kein Bild verfügbar
X
alg: 39188968
001A    $01999:11-11-16 
001B    $01999:12-03-21 $t19:05:42.000 
001D    $01999:11-11-16 
001U    $0utf8 
001X    $00 
002@    $0Aox 
003@    $0391889680 
007A    $0391889680 $aHEB 
007T    $0Herd22061 
010@    $ager 
011@    $a1982 
021A    $aOrtsplan von Faulen 
031A    $e57 $h571-573 $j1982 
037A    $aPlan von 1939 
039B    $aIn $8--Abvc--. Osteroder Zeitung. - Osterode, 1954-. - ISSN 0030-638X $x198200000000057429 $9048244783 
045F    $a900.9438209041 $eDDC23BSB 
045F/01 $a900 
045F/03 $f09041 
045F/03 $f09042 
045F/03 $f09043 
045F/03 $g4382 
045F/03 $g43832 

lok: 39188968 78

exp: 39188968 78 1 #EPN
201B/01 $019-04-17 $t10:52:35.000 
201U/01 $0utf8 
203@/01 $0787985244 
208@/01 $a11-11-16 $be 
209A/01 $a/ $f000 $x00 
220C/01 $aTitelaufnehmer: kl 
244Z/01 $2Trx $#Prusy Wschodnie i Zachodnie $8--Trx--Ost- und Westpreußen $x01 $939113373X 
244Z/01 $2Trx $#Faulen Osterode $8--Trx--Ulnowo$gOstróda $x02 $939115804X 
244Z/01 $2Trx $#linnaplaanid $#miestų planai $#city maps $#város térképek $#plany miast $#plány miest $#plány měst $8--Trx--Stadtpläne $x03 $9391369644 
244Z/01 $2Trx $8--Trx--Zeitschriftenaufsatz $x04 $9391384341 
245Z/01 $a13.03 $x01 
245Z/01 $a03.04.02 $x02 
247C/01 $82080>Marburg/Lahn, Herder-Institut, Forschungsbibliothek, Bibliographieportal $9336309341
LEADER 00000caa a22000002c 4500
001 391889680
003 DE-603
005 20210312190542.0
007 tu
008 161111s1982 xx |||| | u00||u|ger c
035 |a (DE-599)HEB391889680 
040 |a DE-603  |b ger  |c DE-603  |d DE-603 
041 |a ger 
082 0 4 |8 1\u  |a 900.9438209041  |q DE-101  |2 23/BSB 
085 |8 1\u  |b 900 
085 |8 1\u  |z 1  |s 09041 
085 |8 1\u  |z 1  |s 09042 
085 |8 1\u  |z 1  |s 09043 
085 |8 1\u  |z 2  |s 4382 
085 |8 1\u  |z 2  |s 43832 
245 0 0 |a Ortsplan von Faulen 
264 0 |c 1982 
500 |a Plan von 1939 
773 0 8 |i In  |t Osteroder Zeitung  |d Osterode, 1954-  |x 0030-638X  |g Heft 57 (1982), Seite 571-573  |w (DE-603)048244783  |w (DE-600)958693-3 
924 0 |9 2080  |a (DE-603)787985244  |b DE-2080  |c HES  |d d  |g /